LIBRARY & INFORMATION CENTRE, KCAET, TAVANUR

ONLINE PUBLIC ACCESS CATALOGUE (OPAC)

Environmental Education For Sustainable Development / (Record no. 3398)

MARC details
000 -LEADER
fixed length control field 00598cam a2200229ua 4500
041 ## - LANGUAGE CODE
Language code of text/sound track or separate title eng
082 ## - DEWEY DECIMAL CLASSIFICATION NUMBER
Classification number 372.357
Item number DES/EN
100 ## - MAIN ENTRY--AUTHOR NAME
Personal name Desh, Bandhu.
245 00 - TITLE STATEMENT
Title Environmental Education For Sustainable Development /
250 ## - EDITION STATEMENT
Edition statement 1 /
260 ## - PUBLICATION, DISTRIBUTION, ETC. (IMPRINT)
Place of publication New Delhi :
Name of publisher Indian Enviroumental Society ,
Year of publication 1994.
300 ## - PHYSICAL DESCRIPTION
Number of Pages 526 ; .
500 ## - GENERAL NOTE
General note *CSS
700 1# - ADDED ENTRY--PERSONAL NAME
Personal name Bongartz, Heinz .
700 1# - ADDED ENTRY--PERSONAL NAME
Personal name Brij , Gopal .
700 1# - ADDED ENTRY--PERSONAL NAME
Personal name Chaznawi , Abdul Ghafoor .
942 ## - ADDED ENTRY ELEMENTS (KOHA)
Koha item type Books
Holdings
Withdrawn status Lost status Damaged status Home library Current library Shelving location Date acquired Full call number Accession Number Koha item type
      KAUAET KAUAET Scheme 26/07/2018 372.357 DES/EN 18506 Book Bank scheme for SC students
free website counter